Reingeniería. Olvide lo que usted sabe sobre cómo debe funcionar una empresa. ¡Casi todo esta errado!
Saved in:
| Hovedforfatter: | |
|---|---|
| Andre forfattere: | |
| Format: | Bog |
| Sprog: | engelsk |
| Udgivet: |
Bogotá, Colombia:
Norma,
1994.
|
| Fag: | |
| Tags: |
Tilføj Tag
Ingen Tags, Vær først til at tagge denne postø!
|
MARC
| LEADER | 00000cam a2200000 a 4500 | ||
|---|---|---|---|
| 001 | UCY1296 | ||
| 003 | CL-VaPUC | ||
| 005 | 20240130125735.0 | ||
| 008 | 940826e19940000CK |||||||||||||||||eng|d | ||
| 999 | |c 230045 |d 230043 | ||
| 020 | |a 958-04-2650-3 | ||
| 040 | |c Pontificia Universidad Católica de Valparaíso | ||
| 082 | 0 | 4 | |a 658.406 HAM 1994 |2 21 |
| 100 | |a Hammer, Michael |e autor |9 598161 | ||
| 245 | 1 | 0 | |a Reingeniería. |b Olvide lo que usted sabe sobre cómo debe funcionar una empresa. ¡Casi todo esta errado! |
| 260 | |a Bogotá, Colombia: |b Norma, |c 1994. | ||
| 300 | |a VIII, 226 páginas. | ||
| 500 | |a c.15. Donación Sr. Guillermo Bustos - Esc. Ingeniería Industrial. MEMO EII Nº02 / 2024- 25-01-2024 | ||
| 583 | |a last modification |c 20190103 11:08:21 |k Rodrigo Vera | ||
| 650 | 0 | |a Gestión de empresas |9 433832 | |
| 650 | 0 | |a Cambio organizacional |9 260741 | |
| 650 | 0 | |a Innovaciones tecnológicas |9 259728 | |
| 650 | 0 | |a Producción eficiente |9 886258 | |
| 650 | 0 | |a Calidad total |9 259929 | |
| 700 | 0 | |a Champy, James |e autor |9 329242 | |
| 942 | |c BK |2 ddc | ||
| 945 | |d 19940826 00:00:00 |a mfernand | ||
| 952 | |0 0 |1 0 |4 0 |6 658_406000000000000_HAM_1994 |7 0 |8 R |9 231879 |a BIBENE |b BIBENE |d 2019-11-15 |i 3041468 |o 658.406 HAM 1994 |p 3041468 |r 2025-01-15 |w 2019-11-15 |y BK_R |k ICO | ||
| 952 | |0 0 |1 0 |4 0 |6 658_406000000000000_HAM_1994 |7 0 |8 R |9 231880 |a BIBENE |b BIBENE |d 2019-11-15 |i 3041476 |o 658.406 HAM 1994 |p 3041476 |r 2025-01-15 |w 2019-11-15 |y BK_R |k ICO | ||
| 952 | |0 0 |1 0 |4 0 |6 658_406000000000000_HAM_1994 |7 0 |8 R |9 231881 |a BIBGIM |b BIBGIM |d 2019-11-15 |i 3071499 |o 658.406 HAM 1994 |p 3071499 |r 2025-01-15 |w 2019-11-15 |y BK_R |k COM | ||
| 952 | |0 0 |1 0 |4 0 |6 658_406000000000000_HAM_1994 |7 0 |8 A |9 231882 |a BIBING |b BIBING |d 2019-11-15 |i 307739K |o 658.406 HAM 1994 |p 307739K |r 2025-01-20 |w 2019-11-15 |y BK |k EII | ||
| 952 | |0 0 |1 0 |4 0 |6 658_406000000000000_HAM_1994 |7 0 |8 R |9 231883 |a BIBGIM |b BIBGIM |d 2019-11-15 |i 3085163 |o 658.406 HAM 1994 |p 3085163 |r 2025-01-15 |w 2019-11-15 |y BK_R |k COM | ||
| 952 | |0 0 |1 0 |4 0 |6 658_406000000000000_HAM_1994 |7 0 |8 R |9 231884 |a BIBGIM |b BIBGIM |d 2019-11-15 |i 3155536 |o 658.406 HAM 1994 |p 3155536 |r 2025-01-15 |w 2019-11-15 |y BK_R |k COM | ||
| 952 | |0 0 |1 0 |4 0 |6 658_406000000000000_HAM_1994 |7 0 |8 A |9 231885 |a BIBING |b BIBING |d 2019-11-15 |i 3268020 |o 658.406 HAM 1994 |p 3268020 |r 2025-01-20 |w 2019-11-15 |y BK |k CCL | ||
| 952 | |0 0 |1 0 |4 0 |6 658_406000000000000_HAM_1994 |7 0 |8 A |9 231886 |a BIBING |b BIBING |d 2019-11-15 |i 3268012 |l 1 |m 1 |o 658.406 HAM 1994 |p 3268012 |r 2025-01-20 |s 2023-09-14 |w 2019-11-15 |y BK |k CCL | ||
| 952 | |0 0 |1 0 |4 0 |6 658_406000000000000_HAM_1994 |7 0 |8 A |9 231887 |a BIBALI |b BIBALI |c GEN |d 2019-11-15 |i 1975242 |o 658.406 HAM 1994 |p 1975242 |r 2025-01-20 |w 2019-11-15 |y BK |k ALI | ||
| 952 | |0 0 |1 0 |4 0 |6 658_406000000000000_HAM_1994 |7 0 |8 A |9 231888 |a BIBING |b BIBING |d 2019-11-15 |i 3537889 |o 658.406 HAM 1994 |p 3537889 |r 2025-01-20 |w 2019-11-15 |y BK |k ING | ||
| 952 | |0 0 |1 0 |4 0 |6 658_406000000000000_HAM_1994 |7 0 |8 A |9 231889 |a BIBING |b BIBING |d 2019-11-15 |i 3537900 |o 658.406 HAM 1994 |p 3537900 |r 2025-01-20 |w 2019-11-15 |y BK |k ING | ||
| 952 | |0 0 |1 0 |4 0 |6 658_406000000000000_HAM_1994 |7 0 |8 A |9 231890 |a BIBING |b BIBING |d 2019-11-15 |i 3537919 |o 658.406 HAM 1994 |p 3537919 |r 2025-01-20 |w 2019-11-15 |y BK |k ING | ||
| 952 | |0 0 |1 0 |3 erb |4 0 |6 658_406000000000000_HAM_1994 |7 0 |8 A |9 231891 |a BIBALI |b BIBALI |c GEN |i 5448255 |o 658.406 HAM 1994 |p 5448255 |r 2025-01-20 |w 2019-11-15 |y BK |z Catalogado en:20180114 |k ALI | ||
| 952 | |0 0 |1 0 |3 erb |4 0 |6 658_406000000000000_HAM_1994 |7 0 |8 A |9 231892 |a BIBING |b BIBING |i 5527481 |o 658.406 HAM 1994 |p 5527481 |r 2025-01-20 |w 2019-11-15 |y BK |z Catalogado en:20190103 |k EIQ | ||
| 952 | |0 0 |1 0 |2 ddc |4 0 |6 658_406000000000000_HAM_1994 |7 0 |8 A |9 593472 |a BIBING |b BIBING |c GEN |d 2024-01-30 |e Donación |i 5660209 |o 658.406 HAM 1994 |p 5660209 |r 2025-01-20 |t 15 |w 2024-01-30 |y BK |k EII | ||